000
00320nam a2200133Ia 4500
008
221030s9999 xx 000 0 und d
041
_a
English
100
_a
K. R. Botkar
245
0
_a
Integrated Circuits
_c
by K. R. Botkar
260
_b
Khanna Pub.
_a
New Delhi
_c
2015
300
_a
1110
650
_a
ECE
942
_c
BK
999
_c
15888
_d
15888